|
|
|
|
| LEADER |
00000nam a22000007a 4500 |
| 005 |
20180414223459.0 |
| 007 |
cr|||| |||| |
| 008 |
180414s2017 br |||||s|||| 00||0 por d |
| 020 |
|
|
|a 978-85-361-9424-0
|
| 035 |
|
|
|a 21357
|
| 040 |
|
|
|a vLex
|
| 090 |
|
|
|c 7761
|d 7761
|
| 100 |
1 |
|
|a Do Val, Renata
|
| 245 |
1 |
0 |
|a Reforma trabalhista
|h [Recurso electrn̤ico] :
|b Comentada artigo por artigo /
|c Renata Do Val
|
| 256 |
|
|
|a Servicio en ln̕ea
|
| 260 |
|
|
|a San Pablo:
|b LTR,
|c 2017
|
| 300 |
|
|
|a 1 recurso electrn̤ico
|
| 500 |
|
|
|a Com a sanȯ̂ presidencial no dia 13/07/2017 ao projeto conhecido como “reforma trabalhista” fomos convidados a ministrar diversos cursos sobre o tema, e um dos cursos por ns̤ desenvolvidos foi o estudo sob o enfoque Constitucional e de Tratados Internacionais, surgindo, assim, a ideia da publicaȯ̂ deste livro. A presente obra visa confrontar a nova legislaȯ̂ com os institutos jurd̕icos superiores, com a indicaȯ̂ de violaė̳s, e explicaė̳s quanto ao antes e depois da reforma, de maneira didt̀ica e de fc̀il entendimento.
|
| 506 |
1 |
|
|a Disponible solo en los productos indicados
|d vLex Global
|d vLex Global (Academic Edition, excluding Law Schools)
|d vLex Global (U.S. Academic Edition, Law Schools)
|d vLex Global (U.S. Academic Edition, excluding Law Schools)
|d vLex Global (Academic Edition, Law Schools)
|
| 650 |
0 |
4 |
|a Derecho Laboral y Seguridad Social
|z Brasil
|
| 650 |
0 |
4 |
|a Derecho Procesal
|z Brasil
|
| 650 |
0 |
4 |
|a Procedimiento Laboral
|z Brasil
|
| 740 |
0 |
|
|a vLex Libros (Servicio en ln̕ea)
|
| 856 |
4 |
0 |
|u http://vlex.com/source/reforma-trabalhista-comentada-artigo-por-artigo-21357
|z Acceso restringido
|
| 942 |
|
|
|c BOOK
|
| 999 |
0 |
|
|a Labor Law and Social Security
|
| 999 |
0 |
|
|a Procedural Law
|
| 999 |
0 |
|
|a Labor Procedure
|